Periodica Academica

Uložené v:
Podrobná bibliografia
Médium: Seriál
Jazyk:Czech
Vydavateľské údaje: Brno Vysoká škola Karla Engliše 2012
Predmet:
Tagy: Pridať tag
Žiadne tagy, Buďte prvý, kto otaguje tento záznam!

MARC

LEADER 00000nas2a2200000 4500
001 0228316
005 20170314134503.9
022 |a 1802-2626 
041 0 |a cze 
044 |a CZ 
245 1 0 |a Periodica Academica 
264 1 |a Brno  |b Vysoká škola Karla Engliše  |c 2012 
773 0 |w eu_un_cat*0167733 
610 2 0 |a veda ekonomická 
610 2 0 |a manažment 
610 2 0 |a právo